| 000 | 00418nam a2200169Ia 4500 | ||
|---|---|---|---|
| 005 | 20250424120229.0 | ||
| 008 | 250424s9999 xx 000 0 und d | ||
| 022 | _a1759846X | ||
| 050 | _aTH 7201 .C43/ | ||
| 245 | 0 | _aCIBSE journal | |
| 260 | _aUK | ||
| 260 | _bThe Society of Petroleum Engineers of AIME | ||
| 260 | _c2015 | ||
| 300 | _a74 p. : ill. ; 30 cm. | ||
| 650 | _aBuildings--Periodicals. | ||
| 942 | _cSR | ||
| 999 |
_c38129 _d38129 |
||